[Event "POR CupT qf  40th"]
[Site "Portugal"]
[Date "2018.07.14"]
[Round "5.2"]
[White "Rodrigues, Jose AA"]
[Black "Luch, Michal"]
[Result "1/2-1/2"]
[WhiteElo "2103"]
[BlackElo "2397"]
[PlyCount "26"]
[EventDate "2017.12.16"]
[EventType "team-k.o."]
[EventRounds "6"]
[EventCountry "POR"]
[SourceTitle "EXT 2019"]
[Source "ChessBase"]
[SourceDate "2018.10.10"]
[SourceVersion "1"]
[SourceVersionDate "2018.10.10"]
[SourceQuality "1"]
[WhiteTeam "Porto A"]
[BlackTeam "Coimbra"]
[WhiteTeamCountry "POR"]
[BlackTeamCountry "POR"]

1. d4 Nf6 2. c4 e6 3. Nc3 Bb4 4. Qc2 0-0 5. Nf3 b6 6. e4 Bb7 7. Bd3 d5 8. cxd5 exd5 9. e5 Ne4 10. 0-0 Bxc3 11. bxc3 c5 12. Nd2 f5 13. f3 Nxd2 1/2-1/2

[Event "Porto District Cup final"]
[Site "Gaia"]
[Date "2018.06.10"]
[Round "1.3"]
[White "Veiga, Jose Francisco RP"]
[Black "Rodrigues, Jose AA"]
[Result "1/2-1/2"]
[WhiteElo "2277"]
[BlackElo "2079"]
[PlyCount "83"]
[EventDate "2018.06.10"]
[EventType "team-match"]
[EventRounds "1"]
[EventCountry "POR"]
[SourceTitle "CBM 184 Extra"]
[Source "ChessBase"]
[SourceDate "2018.06.28"]
[SourceVersion "1"]
[SourceVersionDate "2018.06.28"]
[SourceQuality "1"]
[WhiteTeam "Porto EX"]
[BlackTeam "Porto GX"]
[WhiteTeamCountry "POR"]
[BlackTeamCountry "POR"]

1. e4 e6 2. d4 d5 3. Nd2 dxe4 4. Nxe4 Bd7 5. Nf3 Bc6 6. Ned2 Nd7 7. Bd3 Ngf6 8. 0-0 Be7 9. c3 0-0 10. Re1 b6 11. Nc4 Bb7 12. Nce5 c5 13. Nxd7 Qxd7 14. dxc5 Rfd8 15. Ne5 Qd5 16. c6 Bxc6 17. Nxc6 Qxc6 18. Qc2 Rac8 19. Re3 g6 20. Rh3 Rd5 21. Be2 Rd7 22. Bg5 Qe4 23. Bd3 Qe5 24. Qc1 Nd5 25. Bxe7 Rxe7 26. Qh6 Qg7 27. Qh4 f5 28. Re1 Qf6 29. Qa4 Kg7 30. Bc4 Rc5 31. Rd3 Nf4 32. Rd7 Rxd7 33. Qxd7+ Kh6 34. Bf1 Re5 35. Rxe5 Qxe5 36. g3 Ne2+ 37. Bxe2 Qxe2 38. Qxa7 Qe1+ 39. Kg2 Qe4+ 40. Kg1 Qb1+ 41. Kg2 Qe4+ 42. Kg1 1/2-1/2

[Event "POR CupT qf  39th"]
[Site "Portugal"]
[Date "2017.07.01"]
[Round "4.2"]
[White "Rodrigues, Jose AA"]
[Black "Veiga, Jose Francisco RP"]
[Result "1/2-1/2"]
[WhiteElo "2133"]
[BlackElo "2126"]
[PlyCount "120"]
[EventDate "2017.03.11"]
[EventType "team-k.o."]
[EventRounds "6"]
[EventCountry "POR"]
[SourceTitle "EXT 2018"]
[Source "ChessBase"]
[SourceDate "2017.10.13"]
[SourceVersion "1"]
[SourceVersionDate "2017.10.13"]
[SourceQuality "1"]
[WhiteTeam "Porto GX"]
[BlackTeam "Porto EX"]
[WhiteTeamCountry "POR"]
[BlackTeamCountry "POR"]

1. d4 Nf6 2. c4 c5 3. d5 e6 4. Nc3 exd5 5. cxd5 d6 6. e4 g6 7. Bd3 Bg7 8. h3 0-0 9. Bg5 Nbd7 10. Nf3 a6 11. a4 Qc7 12. 0-0 c4 13. Bc2 Re8 14. Qd2 Nc5 15. Rfe1 Nfd7 16. Be3 Rb8 17. Bd4 b5 18. axb5 axb5 19. Bxg7 Kxg7 20. Qd4+ f6 21. Re3 Ne5 22. Ne1 Qb6 23. f4 Nf7 24. Nf3 Nd7 25. Qxb6 Nxb6 26. Kf2 Bd7 27. Nd4 b4 28. Nce2 Ra8 29. Rb1 Nd8 30. g4 Nb7 31. f5 Nc5 32. Ne6+ Bxe6 33. fxe6 b3 34. Bd1 f5 35. gxf5 gxf5 36. Nc3 fxe4 37. Bh5 Rf8+ 38. Bf7 Nd3+ 39. Ke2 Nf4+ 40. Kd2 Nfxd5 41. Nxd5 Nxd5 42. Rxe4 Rfc8 43. Rd4 c3+ 44. bxc3 Ra2+ 45. Ke1 Ne3 46. Rd3 Rh2 47. Rxb3 Nc2+ 48. Kf1 Ra8 49. Kg1 Re2 50. Rb1 Ra5 51. Rg3+ Kf6 52. Rf3+ Kg5 53. Rf2 Rae5 54. Rxe2 Rxe2 55. Rd1 Kf4 56. Kf1 Rh2 57. Kg1 Re2 58. Kf1 Rh2 59. Kg1 Re2 60. Kf1 Rh2 1/2-1/2

[Event "Madeira AEJ op 11th"]
[Site "Sao Joao da Madeira"]
[Date "2014.10.05"]
[Round "3"]
[White "Nogueira, Diana Sofia Cunha"]
[Black "Rodrigues, Jose AA"]
[Result "0-1"]
[WhiteElo "1559"]
[BlackElo "2124"]
[PlyCount "84"]
[EventDate "2014.10.04"]
[EventType "swiss"]
[EventRounds "7"]
[EventCountry "POR"]
[SourceTitle "EXT 2018"]
[Source "ChessBase"]
[SourceDate "2017.10.13"]
[SourceVersion "1"]
[SourceVersionDate "2017.10.13"]
[SourceQuality "1"]

1. e4 e6 2. d4 d5 3. exd5 exd5 4. Bd3 Nc6 5. c3 Bd6 6. Ne2 Qh4 7. h3 Be6 8. Be3 Nge7 9. Qc2 Qg5 10. Nd2 Qf6 11. Nf3 Bf5 12. Bxf5 Nxf5 13. Bd2 0-0 14. 0-0 Nce7 15. Qd3 Qg6 16. Nf4 Bxf4 17. Bxf4 Nh4 18. Qxg6 Nxf3+ 19. gxf3 Nxg6 20. Bxc7 Nh4 21. Rad1 Nxf3+ 22. Kg2 Nh4+ 23. Kg3 g5 24. Rfe1 Rac8 25. Bf4 Kg7 26. Bd2 f6 27. Re7+ Rf7 28. Rxf7+ Kxf7 29. Re1 Rc6 30. f4 Ra6 31. a3 Rb6 32. Bc1 Re6 33. Rxe6 Kxe6 34. b3 Kf5 35. fxg5 fxg5 36. c4 Ke4 37. cxd5 Kxd5 38. Kg4 Ke4 39. Bb2 Nf3 40. d5 Ne5+ 41. Bxe5 Kxe5 42. a4 a5 0-1

[Event "Porto district-ch"]
[Site "Porto"]
[Date "2006.06.30"]
[Round "7"]
[White "Pintor, Simao Maciel Abranc"]
[Black "Rodrigues, Jose AA"]
[Result "1-0"]
[WhiteElo "1792"]
[BlackElo "2049"]
[PlyCount "47"]
[EventDate "2006.06.14"]
[EventType "swiss"]
[EventRounds "7"]
[EventCountry "POR"]
[SourceTitle "EXT 2008"]
[Source "ChessBase"]
[SourceDate "2007.11.25"]
[SourceVersion "1"]
[SourceVersionDate "2007.11.25"]
[SourceQuality "1"]

1. d4 c5 2. dxc5 e6 3. Nc3 Bxc5 4. Nf3 d5 5. e4 Ne7 6. Bb5+ Nbc6 7. 0-0 0-0 8. Bf4 a6 9. Ba4 d4 10. Ne2 b5 11. Bb3 Ng6 12. Bg3 e5 13. Bd5 Qf6 14. Nxe5 Ngxe5 15. Bxe5 Nxe5 16. Bxa8 Bg4 17. Bd5 Qh4 18. Qd2 g5 19. Kh1 Nf3 20. gxf3 Bxf3+ 21. Kg1 Bd6 22. Ng3 Bf4 23. Qd3 Qg4 24. h3 1-0

[Event "Porto district-ch"]
[Site "Porto"]
[Date "2006.06.26"]
[Round "5"]
[White "Rodrigues, Jose AA"]
[Black "Mendes, Rui Oscar"]
[Result "0-1"]
[WhiteElo "2049"]
[BlackElo "1958"]
[PlyCount "118"]
[EventDate "2006.06.14"]
[EventType "swiss"]
[EventRounds "7"]
[EventCountry "POR"]
[SourceTitle "EXT 2008"]
[Source "ChessBase"]
[SourceDate "2007.11.25"]
[SourceVersion "1"]
[SourceVersionDate "2007.11.25"]
[SourceQuality "1"]

1. d4 d5 2. c4 c6 3. Nc3 Nf6 4. e3 e6 5. Nf3 Be7 6. Bd3 Nbd7 7. 0-0 dxc4 8. Bxc4 b5 9. Bd3 b4 10. Ne4 0-0 11. Ne5 Nxe5 12. dxe5 Nxe4 13. Bxe4 Bb7 14. Qc2 g6 15. b3 Qc7 16. Bb2 c5 17. Rfd1 Rfd8 18. a4 a5 19. Rac1 Rxd1+ 20. Rxd1 Bxe4 21. Qxe4 Rd8 22. Rxd8+ Qxd8 23. Qc2 Qc7 24. Qd3 Kg7 25. g4 f6 26. exf6+ Bxf6 27. Bxf6+ Kxf6 28. f4 e5 29. Qa6+ Kg7 30. Qc4 exf4 31. exf4 Qd6 32. Kf2 Qd2+ 33. Kf3 Qxh2 34. Qxc5 Qh3+ 35. Ke4 Qxb3 36. Qe7+ Qf7 37. Qe5+ Kf8 38. Qxa5 Qe8+ 39. Kf3 Qc6+ 40. Kg3 b3 41. Qb4+ Kg7 42. Qxb3 Qe4 43. Qc3+ Kg8 44. a5 Qb1 45. Qc4+ Kf8 46. Qc5+ Kf7 47. Qd5+ Kf8 48. Qd6+ Kf7 49. Qc7+ Kg8 50. Qd8+ Kf7 51. Qd5+ Kf8 52. Qc5+ Kf7 53. Qd5+ Kf8 54. Qa8+ Kg7 55. Qa7+ Kg8 56. a6 Qd3+ 57. Kh4 Qd8+ 58. g5 h6 59. Qb6 Qxb6 0-1

[Event "Porto district-ch"]
[Site "Porto"]
[Date "2006.06.16"]
[Round "2"]
[White "Rodrigues, Jose AA"]
[Black "Viela, Andre Filipe Folha"]
[Result "1-0"]
[WhiteElo "2049"]
[BlackElo "2147"]
[PlyCount "127"]
[EventDate "2006.06.14"]
[EventType "swiss"]
[EventRounds "7"]
[EventCountry "POR"]
[SourceTitle "EXT 2008"]
[Source "ChessBase"]
[SourceDate "2007.11.25"]
[SourceVersion "1"]
[SourceVersionDate "2007.11.25"]
[SourceQuality "1"]

1. d4 c5 2. d5 Nf6 3. c4 e6 4. Nc3 exd5 5. cxd5 Bd6 6. e4 Bc7 7. f4 d6 8. Nf3 Nbd7 9. Bd3 a6 10. a4 0-0 11. 0-0 Re8 12. Nd2 Nf8 13. Nc4 Bd7 14. e5 Bg4 15. Qb3 dxe5 16. Nxe5 Bxe5 17. fxe5 Rxe5 18. Bf4 Rh5 19. Qxb7 Ng6 20. Bc7 Qc8 21. Qxc8+ Bxc8 22. Rae1 Bb7 23. d6 Nf8 24. Rf5 Rxf5 25. Bxf5 g6 26. Bh3 Bc8 27. Bxc8 Rxc8 28. Re7 Ne6 29. a5 Kf8 30. Na4 Re8 31. Rxe8+ Kxe8 32. Nb6 Ne4 33. Kf1 Nd8 34. Ke2 Nb7 35. d7+ Ke7 36. Kd3 Nf6 37. d8Q+ Nxd8 38. Bxd8+ Kxd8 39. Kc4 Kc7 40. Kxc5 Ng4 41. h3 Ne3 42. g4 f5 43. gxf5 Nxf5 44. Nd5+ Kb7 45. Nf6 h5 46. b4 Ng7 47. Ne4 Ne6+ 48. Kd6 Nf4 49. Ng5 Nd3 50. Ne6 h4 51. Nc5+ Nxc5 52. bxc5 Kc8 53. Ke5 Kc7 54. Kf6 Kc6 55. Kxg6 Kxc5 56. Kg5 Kb5 57. Kxh4 Kxa5 58. Kg5 Kb4 59. h4 a5 60. h5 Kb3 61. h6 a4 62. h7 a3 63. h8Q Ka2 64. Qc8 1-0

[Event "Porto district-ch"]
[Site "Porto"]
[Date "2006.06.14"]
[Round "1"]
[White "Rodrigues, Jose AA"]
[Black "Mateus, Francisco"]
[Result "1-0"]
[WhiteElo "2049"]
[BlackElo "1777"]
[PlyCount "91"]
[EventDate "2006.06.14"]
[EventType "swiss"]
[EventRounds "7"]
[EventCountry "POR"]
[SourceTitle "EXT 2008"]
[Source "ChessBase"]
[SourceDate "2007.11.25"]
[SourceVersion "1"]
[SourceVersionDate "2007.11.25"]
[SourceQuality "1"]

1. e4 e5 2. Nf3 Nc6 3. Bc4 Bc5 4. c3 Nf6 5. d4 exd4 6. cxd4 Bb4+ 7. Nc3 Bxc3+ 8. bxc3 Nxe4 9. d5 Qe7 10. 0-0 Na5 11. Bd3 0-0 12. Qa4 Nc5 13. Ba3 Nxa4 14. Bxe7 Re8 15. Bb4 b6 16. Bb5 Nc5 17. Rfe1 Ba6 18. Bxa6 Nxa6 19. Bxa5 bxa5 20. Ne5 Nc5 21. Kf1 Rab8 22. Nc4 a4 23. g3 Kf8 24. d6 c6 25. f3 f6 26. Rab1 Kf7 27. Rxb8 Rxb8 28. Re7+ Kf8 29. Re1 Nd3 30. Rd1 Ne5 31. Nxe5 fxe5 32. Re1 Rb5 33. Re4 a3 34. Ra4 Rb1+ 35. Kg2 Rb2+ 36. Kh3 Rxa2 37. Rxa7 Ke8 38. c4 Ra1 39. Kh4 a2 40. c5 Kf8 41. Kg5 Kg8 42. g4 Kf8 43. h4 Ke8 44. h5 Kf8 45. h6 gxh6+ 46. Kf6 1-0

[Event "Porto-ch qual"]
[Site "Porto"]
[Date "2002.06.04"]
[Round "9.5"]
[White "Rodrigues, Jose AA"]
[Black "Mendes, Rui Oscar"]
[Result "1-0"]
[WhiteElo "2037"]
[BlackElo "2039"]
[PlyCount "139"]
[EventDate "2002.05.??"]
[EventType "swiss"]
[EventRounds "9"]
[EventCountry "POR"]
[SourceTitle "EXT 2003"]
[Source "ChessBase"]
[SourceDate "2002.11.25"]
[SourceVersion "1"]
[SourceVersionDate "2002.11.25"]
[SourceQuality "1"]

1. d4 d5 2. c4 e6 3. cxd5 exd5 4. Nc3 Nf6 5. Bg5 Be7 6. e3 0-0 7. Bd3 c6 8. Qc2 Nbd7 9. Nge2 c5 10. 0-0 h6 11. Bh4 Re8 12. Bb5 cxd4 13. Nxd4 a6 14. Ba4 b5 15. Nc6 Qb6 16. Nxe7+ Rxe7 17. Bb3 Re5 18. Bg3 Rh5 19. Qe2 Bb7 20. Rfd1 Nc5 21. Bc2 Nce4 22. Nxe4 dxe4 23. Rd6 Qc5 24. Bb3 Bd5 25. Bxd5 Rxd5 26. Rd1 Rxd1+ 27. Qxd1 Rc8 28. h3 a5 29. Bh4 Rc6 30. Rd8+ Kh7 31. Bxf6 Rxf6 32. Rd5 Qc6 33. Qd4 Re6 34. Rc5 Qb6 35. Qd5 Qd6 36. Rxb5 Qc7 37. Rc5 Qb8 38. Qf5+ Kg8 39. Rxa5 Rd6 40. g3 Qd8 41. Rc5 Re6 42. Kg2 g6 43. Qd5 Qf6 44. Rc8+ Kg7 45. Qd4 Re5 46. Kg1 Qe7 47. Qd8 Qxd8 48. Rxd8 Rc5 49. Rd2 f5 50. b4 Rc1+ 51. Kg2 Rb1 52. Rd4 Ra1 53. Rd7+ Kf6 54. Rd6+ Kg5 55. Ra6 Rb1 56. a3 Rb3 57. Ra5 h5 58. h4+ Kg4 59. b5 g5 60. hxg5 Kxg5 61. a4 h4 62. gxh4+ Kxh4 63. b6 f4 64. Rb5 f3+ 65. Kh2 Ra3 66. b7 Ra2 67. b8Q Rxf2+ 68. Kg1 Rg2+ 69. Kf1 Re2 70. Qf4+ 1-0